000 00743nas a2200253 454500
001 IICA0700931
003 BR-BrBNA
005 20260323111553.0
007 ta
008 260323b bl.|||p| |||| 00| 00por d
040 _aBR-BrBNA
_bpor
_cBiblioteca Nacional de Agricultura
041 _a(Fr)
072 _aH20
100 1 _aKermarrec, A.
100 1 _aBelliard, L.
245 1 _aEtude preliminaire sur les nematodes des plantes cultivees de Saint Domingue
300 _av. 27(1) p. 17-21
650 _aNEMATOIDE
650 _aPLANTA
650 _aREPUBLICA DOMINICANA
773 0 _tTURRIALBA (IICA)
_X0041-4360
_g(Jan-Mar 1977), v. 27(1) p. 17-21
_wIICA0700931
909 _a202603
_bLúcia
_c55
_dLúcia Elande
942 _2IICA
_n0
_cANA
999 _c340915
_d340915